| 000 | 01215nam a2200217Ia 4500 | ||
|---|---|---|---|
| 001 | 19853 | ||
| 003 | GE_BSU | ||
| 008 | 181216s||||||||xx |||||||||||||| ||und|| | ||
| 040 | _cGE_BSU | ||
| 245 | _aსაავტორო უფლებების დაცვა ბიბლიოთეკაში: მეთოდურ-ინსტრუქციული წერილი ბიბლიოთეკების დასახმარებლად | ||
| 245 | _cშემდგ. ნ. ქავთარაძე. რედ. გ. თაყნიაშვილი | ||
| 250 | _aსაქ. პარლ. ილია ჭავჭავაძის სახ. ეროვნული ბიბლ-კა | ||
| 260 | _aთბილისი | ||
| 260 | _c2004 | ||
| 300 | _a29გვ. | ||
| 541 | _h2ლ. 75თ. | ||
| 653 | _aბიბლიოთეკარი | ||
| 653 | _aსაავტორო უფლებების დაცვა ბიბლიოთეკაში: მეთოდურ-ინსტრუქციული წერილი ბიბლიოთეკების დასახმარებლად | ||
| 653 | _aქსეროქსი | ||
| 942 | _cBK | ||
| 999 |
_c52823 _d52823 |
||